000 00588nam a2200157Ia 4500
008 090711s9999 xx 000 0 und d
082 _b55764
100 _aथत्ते यदुनाथ द.
245 _aआपला मान : आपला अभिमान भा 1
260 _c1986
600 _aथत्ते यदुनाथ द.
630 _aआपला मान : आपला अभिमान भा 1
700 _aथत्ते यदुनाथ द.
730 _aआपला मान : आपला अभिमान भा 1
942 _cBOOK
999 _c294172
_d294172